Pensacola Int'l Airport Destinations (PNS) - Statistics

General Stats
  • This quiz has been taken 147 times
    87 since last reset
  • The average score is 25 of 30
Answer Stats
Hint Airlines Answer % Correct
Georgia Delta, Southwest Atlanta
98%
North Carolina American, American Eagle Charlotte
94%
Illinois Southwest Chicago Midway
94%
Illinois American Eagle, United, United Express, Frontier Chicago O'Hare
94%
Texas Southwest, Spirit Austin
92%
Maryland Southwest Baltimore
92%
Texas American, American Eagle, Spirit Dallas/Fort Worth
92%
Texas Southwest Dallas Love
92%
Texas United, United Express Houston Bush
90%
Texas Southwest Houston Hobby
90%
Ohio United Express Cincinnati
88%
Ohio Spirit Columbus
88%
Florida American Eagle Miami
86%
Colorado United Express, Southwest, Frontier Denver
84%
Indiana Spirit Indianapolis
84%
Missouri Southwest, Spirit Kansas City
84%
Ohio United Express Cleveland
82%
Tennessee Southwest Nashville
80%
Florida Spirit, Frontier, Silver Airways Orlando
80%
DC United Express Washington Dulles
80%
DC American Eagle Washington National
80%
New York American Eagle, Delta Connection New York (LaGuardia)
78%
Pennsylvania American Eagle Philadelphia
78%
Florida Silver Airways Tampa
78%
Missouri Southwest, Spirit St. Louis
76%
Kentucky Spirit Louisville
75%
Pennsylvania United Express Pittsburgh
75%
Wisconsin United Express Milwaukee
71%
Florida Spirit Fort Lauderdale
67%
Alabama Boutique Air Muscle Shoals
18%
No matching quizzes found
Score Distribution
Percent of People with Each Score
Percentile by Number Answered
Your Score History
You have not taken this quiz since the last reset